Animales - ¿reales o ficticios? - Estadísticas

Estadísticas generales
  • Esta prueba ha sido intentada 2.896 veces
  • La puntuación promedio es 11 de 15
Estadísticas de respuestas
Pregunta Respuesta % Correcto
Narval Real
90%
Kraken Ficticio
88%
Pangolín Real
88%
Grifo Ficticio
86%
Murciélago vampiro Real
83%
Fauno Ficticio
81%
Ewok Ficticio
76%
Ligre Real
72%
Gorgona Ficticio
68%
Quokka Real
68%
Dugongo Real
58%
Monstruo de Gila Real
57%
Pichiciego Real
54%
Gálagos Real
53%
Mantícora Ficticio
52%
No se encontraron pruebas coincidentes
Distribución de puntuación
Porcentaje de gente con cada puntuación
Porcentaje por número respondido
Historial de tus puntuaciones
No has intentado esta prueba.